00717nam a2200193Ia 4500008004100000020001800041041000800059082001900067100002700086245005900113250001200172260002700184300000800211365001600219700003300235906005700268999001900325952017900344230718s9999 xx 000 0 und d a9788131520758 aeng a621.382'2bSCH aSchilling R.J.9124075 aIntroduction To Digital Signal Processing Using MATLAB a2nd ed. c2014bCengage Learning a766 cRs.b599.00 aSchilling R.J. & Harris S.L. dO:0493404-Feb-2016B:IN 269101-Feb-2016cETC b748.75 c341602d341602 00104070aCCEPbCCEPd2016-02-04ePradeep Book DistributorsfETC g449.25iIN 2691l0o621.382'2pCCEP-BK-52809r2023-07-18 00:00:00t748.75v599.00w2016-02-01yBKz052809